Fundamentos de seguridad de redes

Gardado en:
Detalles Bibliográficos
Corporate Authors: Cisco Systems (Author), Academia de Networking de Cisco Systems (Author)
Formato: Libro
Idioma:Lingua castelá
Publicado: Madrid Pearson Educación 2005
Subjects:
Tags: Engadir etiqueta
Sen Etiquetas, Sexa o primeiro en etiquetar este rexistro!

MARC

LEADER 00000nam a2200000 a 4500
001 UCK7243
003 CL-VaPUC
008 051111e20050000SP |||||||||||||||||spa|d
020 |a 8420545406 
082 0 4 |a 004.62  |b CIS  |2 21 
110 2 |a Cisco Systems  |e author  |9 496771 
710 2 |a Academia de Networking de Cisco Systems  |e author  |9 496772 
245 1 0 |a Fundamentos de seguridad de redes 
300 |a 832 p 
942 |c BK 
945 |d 20051111 00:00:00  |a jtorresc 
260 |a Madrid  |b Pearson Educación  |c 2005 
500 |a Incluye un CD 
650 0 |a Seguridad de redes   |9 439593 
650 0 |a Redes de computadores  |9 263293 
650 7 |a GESTION DE REDES  |2 CL-VaPUC  |9 462971 
650 7 |a COMUNICACIONES  |2 CL-VaPUC  |9 260778 
650 0 |a Redes informáticas   |9 334846 
650 0 |a Redes virtuales  |9 496773 
650 7 |a PROTOCOLO INTERNET  |2 CL-VaPUC  |9 496774 
583 |a last modification  |c 20051111 00:00:00  |k Rodrigo Vera 
999 |c 315283  |d 315281 
952 |0 0  |1 0  |4 0  |6 004_620000000000000_CIS_2005  |7 0  |8 A  |9 388324  |a BIBING  |b BIBING  |d 2019-11-22  |i 4180453  |o 004.62 CIS 2005  |p 4180453  |r 2024-01-25  |w 2019-11-22  |y BK  |k EIE